00614 2200229 4500001002100000005001700021008004100038035002400079082000800103090001800111100001500129245007300144250001100217260004200228300002400270650002400294700001500318850001500333980001500348985000600363999001500369YOGYA-0209000006114620090227035905.0 ind  0010-020900000061146 a823 a823bChu OlT aCHUN CHING aThe Old massengercwritten by Chun Ching ; translated by, Tang Sheng aCet. 1 aPekingbForeign Languages Pressc1956 a63 hlmbilusc18 cm aKesasteraan Inggris aTang Sheng aYOPDYOG(M) a09-02-2008 a1 aa000042876